Ancient Cities Picture Quiz - Statistics

General Stats
  • This quiz has been taken 438 times
    427 since last reset
  • The average score is 12 of 18
Answer Stats
Picture Answer % Correct
Rome
99%
Athens
97%
Beijing
88%
Istanbul
88%
Machu Picchu
88%
Giza
87%
Babylon
86%
Mecca
85%
Troy
82%
Jerusalem
81%
Alexandria
74%
Luxor
55%
Xian
54%
Tenochtitlan
39%
Chichen Itza
37%
Granada
31%
Pompeii
24%
Damascus
20%
No matching quizzes found
Score Distribution
Percent of People with Each Score
Percentile by Number Answered
Your Score History
You have not taken this quiz since the last reset